MARC details
| 000 -LEADER |
| fixed length control field |
01173nam a22002777a 4500 |
| 003 - CONTROL NUMBER IDENTIFIER |
| control field |
OSt |
| 005 - DATE AND TIME OF LATEST TRANSACTION |
| control field |
20250407093534.0 |
| 008 - FIXED-LENGTH DATA ELEMENTS--GENERAL INFORMATION |
| fixed length control field |
240911b ||||| |||| 00| 0 eng d |
| 040 ## - CATALOGING SOURCE |
| Transcribing agency |
0 |
| 082 ## - DEWEY DECIMAL CLASSIFICATION NUMBER |
| Classification number |
DPer 621.317 Ie21 December 2022 v.37 n. 12 part 1&2. |
| 100 ## - MAIN ENTRY--PERSONAL NAME |
| Personal name |
Zhou, Xiang. |
| Relator term |
author. |
| 9 (RLIN) |
60705 |
| 245 ## - TITLE STATEMENT |
| Title |
Accurate analysis and design of the circuit parameters of llc dc-dc converter with synchronous rectification / |
| Statement of responsibility, etc. |
Xiang Zhou, Laili Wang, Yongmei Gan, Huan Luo, Yan-Fie Liu, and Paresh C. Sen. |
| 260 ## - PUBLICATION, DISTRIBUTION, ETC. (IMPRINT) |
| Place of publication, distribution, etc. |
New York ; |
| Name of publisher, distributor, etc. |
The Institute of Electrical and Electronics Engineers, Inc., |
| Date of publication, distribution, etc. |
December 2022. |
| 300 ## - PHYSICAL DESCRIPTION |
| Extent |
volume 37, pages 15051-15066, |
| Other physical details |
illustration. |
| 500 ## - GENERAL NOTE |
| General note |
IEEE Transactions on Power Electronics, v. 37 n. 12, pages 15051-15066, December 2022. |
| 650 #0 - SUBJECT ADDED ENTRY--TOPICAL TERM |
| Topical term or geographic name as entry element |
parameters design. |
| 9 (RLIN) |
66197 |
| 650 #0 - SUBJECT ADDED ENTRY--TOPICAL TERM |
| Topical term or geographic name as entry element |
synchronous rectifier. |
| 9 (RLIN) |
66198 |
| 650 #0 - SUBJECT ADDED ENTRY--TOPICAL TERM |
| Topical term or geographic name as entry element |
Control systems. |
| 9 (RLIN) |
66199 |
| 700 ## - ADDED ENTRY--PERSONAL NAME |
| Personal name |
Zhou, Xiang. |
| Relator term |
author. |
| 9 (RLIN) |
60705 |
| 700 ## - ADDED ENTRY--PERSONAL NAME |
| Personal name |
Wang, Laili. |
| Relator term |
author. |
| 9 (RLIN) |
60706 |
| 700 ## - ADDED ENTRY--PERSONAL NAME |
| Personal name |
Gan, Yongmei |
| 9 (RLIN) |
60707 |
| 700 ## - ADDED ENTRY--PERSONAL NAME |
| Personal name |
Luo, Huan. |
| Relator term |
author. |
| 9 (RLIN) |
60708 |
| 700 ## - ADDED ENTRY--PERSONAL NAME |
| Personal name |
Liu, Yan-Fie. |
| Relator term |
author. |
| 9 (RLIN) |
60709 |
| 700 ## - ADDED ENTRY--PERSONAL NAME |
| Personal name |
Sen, Paresh C. |
| 9 (RLIN) |
60710 |
| 942 ## - ADDED ENTRY ELEMENTS (KOHA) |
| Source of classification or shelving scheme |
Dewey Decimal Classification |
| Koha item type |
Periodicals |